000 00440nam a2200181Ia 4500
001 23975
005 20260414151013.0
008 260414t1987||||xx |||||||||||||| ||spa||
041 _aESP
082 _a730.92
_bB81
100 _aBrasas Egido, José Carlos
_eAUT
245 0 _aVictorio Macho :
_bvida, arte y obra
260 _c1987
300 _a390 páginas :
_c30 cm.
650 _aABD
654 _aCAU
942 _cLIB
_dJUS
_fJUS
_2ddc
_n
999 _c23975
_d23975